| 000 | 00515nam a2200157 a 4500 | ||
|---|---|---|---|
| 001 | 000032828 | ||
| 005 | 20200930065846.0 | ||
| 008 | 110726s1959 dr c 000 | spa d | ||
| 040 |
_aDO-SdBNP _bspa _cBNPHU |
||
| 082 |
_axxx _bH565t |
||
| 100 | 1 |
_aHerrera Bornia, Orestes _914442 |
|
| 245 | 1 | 0 |
_aTrujillo : _bfrente a la doctrina antisocial del comunismo / _cO. Herrera Bornia. |
| 260 |
_aCiudad Trujillo, República Dominicana : _bEditora del Caribe, _c1959. |
||
| 300 |
_a187 p. : _bretrs. ; _c24 cm. |
||
| 049 | _aBNPD | ||
| 999 |
_c32319 _d32319 |
||